000 00631nam a22001937a 4500
003 OSt
005 20250620031251.0
008 250619b |||||||| |||| 00| 0 eng d
020 _a978-624-478-072-3
040 _aDWCL-Main Lib
_cOC
082 _aFil. 547 B517l 2024
100 _aBenford, Charles V.
245 _aLaboratory manual in organic chemistry/
_cCharles V. Benford
260 _aManila, Philippines:
_bEDRIC Publishing House,
_cc2024.
300 _a90 pages:
_billustrations;
_c21cm.
504 _aIncludes bibliographical references.
650 _a1. Chemistry - laboratory manual
942 _2ddc
_cBK - FIL
_kFil.
_n0
999 _c3165
_d3165